Igualdad afectiva: amor, cuidados e injusticia

Salvato in:
Dettagli Bibliografici
Autori principali: Lynch, Kathleen (Autore), Baker, John (Autore), Lyons, Maureen (Autore)
Natura: Libro
Lingua:spagnolo
Pubblicazione: Madrid Morata 2014
Edizione:1a. ed
Serie:Colección Educación Crítica, X
Soggetti:
Tags: Aggiungi Tag
Nessun Tag, puoi essere il primo ad aggiungerne!!

MARC

LEADER 00000cam a2200000 a 4500
001 UCC8898
003 CL-VaPUC
008 190830e20140000sp |||||||||||||||||spa|d
020 |a 9788471127297 
082 0 4 |a 323.01  |b LYN  |2 21 
100 0 |a Lynch, Kathleen  |e author  |9 603592 
700 0 |a Baker, John  |e author  |9 603593 
700 0 |a Lyons, Maureen  |e author  |9 603594 
245 1 0 |a Igualdad afectiva: amor, cuidados e injusticia 
250 |a 1a. ed 
300 |a 341 p 
942 |c BK 
945 |d 20190830 10:52:00  |a cmena 
260 |a Madrid  |b Morata  |c 2014 
650 0 |a Derechos humanos  |9 223025 
650 0 |a Filosofía del derecho   |9 255050 
650 0 |a Afectividad  |9 334265 
650 0 |a Afectividad familiar   |9 603595 
650 0 |a Relaciones humanas  |9 307340 
650 0 |a Justicia social  |9 314874 
583 |a last modification  |c 20190830 10:52:00  |k Rodrigo Vera 
490 0 |a Colección Educación Crítica, X 
999 |c 375102  |d 375100 
952 |0 0  |1 0  |3 erb  |4 0  |6 323_010000000000000_LYN_2014  |7 0  |8 WP_COW  |9 561076  |a BIBDER  |b BIBDER  |e Fundación W and P Cowley  |i 5597064  |o 323.01 LYN 2014  |p 5597064  |r 2023-01-25  |w 2020-03-12  |y BK  |z Catalogado en:20190830  |k WPC